000 00503nam a2200169Ia 4500
003 GCL
008 140319s9999 xx 000 0 ara d
040 _aGCL /
_cGCL
082 0 4 _a809.93592
_bش ت
100 1 _aشوقى ضيف
245 1 0 _aالترجمة الشخصية /
_cشوقى ضيف
260 _aالقاهرة :
_bدار المعارف ،
_c1987
300 _a125 ص
490 _aفنون الادب العربى الفن القصصى
_v0
650 0 4 _aالترجمة
942 _2ddc
_cBK
999 _c27489
_d27489